|
|
|
|
| LEADER |
00566cam a2200193 a 4500 |
| 001 |
0000055272 |
| 005 |
20010614090000.0 |
| 040 |
|
|
|a mod
|
| 041 |
|
|
|a eng
|
| 020 |
0 |
0 |
|a 0333689100
|
| 090 |
0 |
0 |
|a 940.53
|b WHE
|
| 100 |
1 |
1 |
|a Wheal
|h Elizabeth-Anne
|
| 245 |
1 |
4 |
|a The Macmillan dictionary of the Second World War
|c Elizabeth-Anne Wheal
|
| 250 |
0 |
0 |
|a 2nd ed
|
| 260 |
0 |
0 |
|a London
|b Macmillan
|c 1997
|
| 300 |
0 |
0 |
|a xviii, 548p.
|c 23cm
|
| 650 |
0 |
0 |
|a World War, 1939-1945
|x Dictionaries
|
| 852 |
0 |
0 |
|a 01
|
| 999 |
|
|
|a 0173726
|b KEMENTAH
|d BOOKS
|e Rujukan
|f Perpustakaan KEMENTAH
|j AVAILABLE
|q GOOD CONDITION
|